Sound production and sound reception by insects ; a bibliography /

Bibliographic Details
Main Author: Frings, Mable
Other Authors: Frings, Hubert, 1914-
Format: Book
Language:English
Published: [University Park] : Pennsylvania State University Press, [1960]
Subjects:

MARC

Tag First Indicator Second Indicator Subfields
LEADER 00000cam a2200000 i 4500
001 in00000037378
005 20151007074243.0
008 760924s1960 pau b 00010 eng
010 |a  60011396  
035 |a (OCoLC)02461929 
035 |9 AAF1205AM 
040 |a DLC  |c MOL  |d TXA  |d UtOrBLW 
049 |a TXAM  |c [452611] 
050 0 |a Z5858.S6  |b F7 
092 |a 595.7  |b A1F914s, 1960 
100 1 |a Frings, Mable. 
245 1 0 |a Sound production and sound reception by insects ;  |b a bibliography /  |c by Mabel Frings and Hubert Frings. 
264 1 |a [University Park] :  |b Pennsylvania State University Press,  |c [1960] 
300 |a 108 pages ;  |c 24 cm. 
336 |a text  |b txt  |2 rdacontent 
337 |a unmediated  |b n  |2 rdamedia 
338 |a volume  |b nc  |2 rdacarrier 
650 0 |a Sound production by animals  |x Bibliography. 
650 0 |a Insect sounds  |x Bibliography. 
700 1 |a Frings, Hubert,  |d 1914- 
740 0 |a Sound reception by insects. 
999 |a MARS 
999 f f |s 74fdb243-a0d5-3ab0-b8d5-a46f7d8751ea  |i e9c340a7-1ac5-3452-ba2a-64ff2b69219c  |t 0 
952 f f |p ric  |a Texas A&M University  |b Rellis Campus  |c Joint Library Facility  |d Remote Storage  |t 0  |e Z5858.S6 F7  |h Library of Congress classification  |i unmediated -- volume  |m A14801011954 
998 f f |a Z5858.S6 F7  |t 0  |l Remote Storage